Normal view
MARC view
- Christopher Lovelock
Entry Personal Name
001 - CONTROL NUMBER
- control field: 8461
003 - CONTROL NUMBER IDENTIFIER
- control field: NUST
005 - DATE AND TIME OF LATEST TRANSACTION
- control field: 20180117100153.0
008 - FIXED-LENGTH DATA ELEMENTS
- fixed length control field: 180117|| aca||aabn | a|a d
040 ## - CATALOGING SOURCE
- Original cataloging agency: NUST
- Transcribing agency: NUST
100 ## - HEADING--PERSONAL NAME
- Personal name: Christopher Lovelock
- Titles and other words associated with a name: Services Marketing
- Dates associated with a name: 2000
670 ## - SOURCE DATA FOUND
- Source citation: Work cat.: (NUST)349780: Christopher Lovelock Services Marketing 2000, Services Marketing, 2000
